00319nam a22001217a 4500082001000000100002100010245007800031260002900109300001200138526001900150650001200169700001600181 aP-171 aSGT. Ayaz Masud  aComputer Aided Slab Design Program cSGT. Ayaz Masud CJUO. Nasir-Ud-Din  aRisalpurbMCEc26.4.2004 a106 p.: a0b0c0dP_171 aProject aDS Maj Ijaz